Una política de la lengua. La Revolución francesa y las lenguas locales: la encuesta Gregorio

Saved in:
Bibliografiske detaljer
Hovedforfatter: Certeau, Michel de (autor)
Andre forfattere: Julia, Dominique (autora), Revel, Jacques (autor), Cinta, Marcela (traductora)
Format: Bog
Sprog:engelsk
spansk
Udgivet: Ciudad de México, México Universidad Iberoamericana A.C. 2008
Udgivelse:1° edición
Serier:El Oficio de la Historia
Fag:
Tags: Tilføj Tag
Ingen Tags, Vær først til at tagge denne postø!

MARC

LEADER 00000nam a22000007a 4500
003 CL-VaPUC
005 20210705094018.0
008 210527b ||||| |||| 00| 0 eng d
999 |c 433007  |d 433005 
020 |a 9789688596999 
040 |c Pontificia Universidad Católica de Valparaíso 
041 0 |a spa 
082 0 |2 21  |a 306.44944 CER 2008 
100 1 |a Certeau, Michel de  |e autor  |9 324794 
245 1 4 |a Una política de la lengua.  |b  La Revolución francesa y las lenguas locales: la encuesta Gregorio 
250 |a 1° edición 
260 3 |a Ciudad de México, México  |b Universidad Iberoamericana A.C.  |c 2008 
300 |a 329 páginas 
490 |a El Oficio de la Historia 
500 |a Donación VRA N. Vásquez L. 
583 |c 20210527  |k Daniel Castañeda 
650 0 0 |9 265068  |a Sociolingüística  |x Política lingüística  |z Francia 
650 0 0 |9 416318  |a Multilingüismo  |x Dialectos  |x Zonas rurales 
650 0 0 |a Historia del lenguaje  |9 472290  |z Francia 
700 1 |a Julia, Dominique  |e autora  |9 861064 
700 1 |a Revel, Jacques  |e autor  |9 861065 
700 1 |a Cinta, Marcela  |e traductora  |9 861066 
942 |2 ddc  |c BK 
952 |0 0  |1 0  |2 ddc  |4 0  |6 306_449440000000000_CER_2008  |7 0  |8 A  |9 577905  |a BIBHIS  |b BIBHIS  |d 2021-05-27  |i 5621194  |o 306.44944 CER 2008  |p 5621194  |r 2025-01-20  |t 1  |w 2021-05-27  |y BK  |k HIS